[Event "IRQ-ch"]
[Site "Baghdad"]
[Date "2010.03.16"]
[Round "8"]
[White "Abdulwahhab, Ahmed Abdulsattar"]
[Black "Al Bahadly, Amjad Ali Mohammed"]
[Result "1-0"]
[WhiteElo "2181"]
[BlackElo "2252"]
[PlyCount "85"]
[EventDate "2010.03.11"]
[EventType "tourn"]
[EventRounds "11"]
[EventCountry "IRQ"]
[EventCategory "1"]
[SourceTitle "CBM 135 Extra"]
[Source "ChessBase"]
[SourceDate "2010.05.04"]
[SourceVersion "1"]
[SourceVersionDate "2010.05.04"]
[SourceQuality "1"]

1. e4 c5 2. Nf3 Nc6 3. Nc3 g6 4. d4 cxd4 5. Nxd4 Bg7 6. Be3 Nf6 7. Nxc6 dxc6 8. Qxd8+ Kxd8 9. 0-0-0+ Ke8 10. h3 Be6 11. Be2 h5 12. a4 Nd7 13. Bd4 Bxd4 14. Rxd4 a5 15. f4 h4 16. Rhd1 Nc5 17. Kd2 f5 18. e5 Kf7 19. Ke3 Rhc8 20. Bf3 Ke8 21. Ne2 Rc7 22. b3 Kf7 23. Rd8 Rxd8 24. Rxd8 Rd7 25. Rxd7 Nxd7 26. Nd4 Nf8 27. c4 Bd7 28. Bd1 Ne6 29. Nf3 c5 30. Nxh4 Nd4 31. Nf3 Nxf3 32. Bxf3 b6 33. Kf2 Kg7 34. Kg3 Kh6 35. Kh4 Be6 36. g4 Bc8 37. Bc6 e6 38. Be8 fxg4 39. hxg4 g5+ 40. fxg5+ Kg7 41. Kh5 Kf8 42. Bc6 Kg7 43. g6 1-0

[Event "IRQ-ch"]
[Site "Baghdad"]
[Date "2010.03.14"]
[Round "6"]
[White "Obada, Ahmad Azeezjawad"]
[Black "Al Bahadly, Amjad Ali Mohammed"]
[Result "1-0"]
[WhiteElo "2345"]
[BlackElo "2252"]
[PlyCount "59"]
[EventDate "2010.03.11"]
[EventType "tourn"]
[EventRounds "11"]
[EventCountry "IRQ"]
[EventCategory "1"]
[SourceTitle "CBM 135 Extra"]
[Source "ChessBase"]
[SourceDate "2010.05.04"]
[SourceVersion "1"]
[SourceVersionDate "2010.05.04"]
[SourceQuality "1"]

1. e4 d6 2. d4 Nf6 3. Nc3 c6 4. f4 Qa5 5. e5 Ne4 6. Bd3 Nxc3 7. Qd2 c5 8. bxc3 dxe5 9. fxe5 Nc6 10. Nf3 cxd4 11. cxd4 Qxd2+ 12. Bxd2 e6 13. 0-0 h6 14. c4 Bd7 15. Rab1 b6 16. Be3 Rc8 17. Rf2 Be7 18. Bf1 0-0 19. d5 Na5 20. d6 Bd8 21. Rc2 Nc6 22. c5 g5 23. cxb6 Bxb6 24. Bxb6 axb6 25. Rxb6 g4 26. Bb5 gxf3 27. Bxc6 Bxc6 28. Rbxc6 Rxc6 29. Rxc6 fxg2 30. d7 1-0

[Event "Arab-ch League 4th"]
[Site "Doha"]
[Date "2002.03.11"]
[Round "10"]
[White "Adly, Ahmed"]
[Black "Al Bahadly, Amjad Ali Mohammed"]
[Result "1-0"]
[WhiteElo "2240"]
[BlackElo "2272"]
[PlyCount "110"]
[EventDate "2002.03.02"]
[EventType "team-tourn"]
[EventRounds "11"]
[EventCountry "QAT"]
[SourceTitle "CBM 087 Extra"]
[Source "ChessBase"]
[SourceDate "2002.05.03"]
[SourceVersion "2"]
[SourceVersionDate "2002.08.09"]
[SourceQuality "1"]

1. d4 d6 2. c4 e5 3. e3 Nd7 4. Nc3 Ngf6 5. g3 Be7 6. Bg2 0-0 7. Nge2 c6 8. 0-0 Qc7 9. f4 Re8 10. Qd3 a5 11. h3 b6 12. g4 exd4 13. Nb5 cxb5 14. Bxa8 bxc4 15. Qxd4 d5 16. g5 Bc5 17. Qd1 Ba6 18. gxf6 Rxa8 19. fxg7 Nf6 20. Nd4 Re8 21. Kh2 Bc8 22. Bd2 Qe7 23. Rg1 Qe4 24. Qf1 Bd7 25. Bc3 Bb4 26. Re1 b5 27. a3 Bxc3 28. bxc3 Qe7 29. Qg2 Qxa3 30. Qg5 Qd6 31. Ra1 a4 32. Nf5 Bxf5 33. Qxf5 Qe6 34. Qxe6 fxe6 35. Rgb1 Rb8 36. Rxa4 Ne4 37. Ra3 Kxg7 38. Rg1+ Kf6 39. Rg2 Rb7 40. h4 Nd6 41. h5 Nf5 42. Ra8 Nxe3 43. Rf8+ Rf7 44. Rxf7+ Kxf7 45. Rb2 Nd1 46. Rxb5 Nxc3 47. Rb7+ Kf6 48. Rxh7 Ne2 49. Rc7 Nxf4 50. h6 Ng6 51. Kg3 c3 52. Rxc3 Ne7 53. Kg4 d4 54. Rh3 e5 55. h7 Ng6 1-0

[Event "Arab-ch League 4th"]
[Site "Doha"]
[Date "2002.03.10"]
[Round "9"]
[White "Al Bahadly, Amjad Ali Mohammed"]
[Black "Amer, Maasarani"]
[Result "1/2-1/2"]
[WhiteElo "2272"]
[BlackElo "2180"]
[PlyCount "85"]
[EventDate "2002.03.02"]
[EventType "team-tourn"]
[EventRounds "11"]
[EventCountry "QAT"]
[SourceTitle "CBM 087 Extra"]
[Source "ChessBase"]
[SourceDate "2002.05.03"]
[SourceVersion "2"]
[SourceVersionDate "2002.08.09"]
[SourceQuality "1"]

1. d4 d5 2. c4 dxc4 3. e4 Nf6 4. e5 Nd5 5. Bxc4 e6 6. Nf3 Be7 7. 0-0 b6 8. Nbd2 0-0 9. Qe2 a5 10. Ne4 Ba6 11. b3 h6 12. Bd2 Bb4 13. a3 Bxd2 14. Qxd2 Qe7 15. Rfc1 Rd8 16. Ng3 Ra7 17. Nh5 Nd7 18. Qe2 Bb7 19. Qe4 Nf8 20. Qg4 f5 21. exf6 Nxf6 22. Nxf6+ Qxf6 23. Rd1 Bxf3 24. gxf3 c6 25. Qe4 b5 26. Bf1 Rd5 27. Rac1 Rc7 28. Kh1 Nh7 29. f4 Qf7 30. Bh3 Nf8 31. Re1 Kh8 32. Rc5 Rcd7 33. Bxe6 Nxe6 34. Qxe6 Qxf4 35. Qe8+ Kh7 36. Qe4+ Qxe4+ 37. Rxe4 Rxd4 38. Rxd4 Rxd4 39. Rxc6 Rd3 40. Ra6 Rxb3 41. Rxa5 h5 42. a4 bxa4 43. Rxa4 1/2-1/2

[Event "Asia Cities-ch 13th"]
[Site "Aden"]
[Date "2002.02.13"]
[Round "8"]
[White "Al Bahadly, Amjad Ali Mohammed"]
[Black "Senador, Emmanuel"]
[Result "0-1"]
[WhiteElo "2272"]
[BlackElo "2440"]
[PlyCount "78"]
[EventDate "2002.02.07"]
[EventType "team-swiss"]
[EventRounds "9"]
[EventCountry "YEM"]
[SourceTitle "EXT 2020"]
[Source "ChessBase"]
[SourceDate "2019.10.17"]
[SourceVersion "1"]
[SourceVersionDate "2019.10.17"]
[SourceQuality "1"]
[WhiteTeam "Baghdad"]
[BlackTeam "Manila"]
[WhiteTeamCountry "IRQ"]
[BlackTeamCountry "PHI"]

1. d4 c5 2. e3 e6 3. Nf3 d5 4. Nbd2 Nc6 5. b3 Nf6 6. a3 Bd6 7. Bb2 0-0 8. Bd3 Re8 9. 0-0 e5 10. dxe5 Nxe5 11. Nxe5 Bxe5 12. Bxe5 Rxe5 13. Nf3 Rh5 14. c4 Qc7 15. cxd5 Rxd5 16. Qc2 Bg4 17. Be2 Bf5 18. Qb2 Rad8 19. Rad1 Bd3 20. Bxd3 Rxd3 21. Qc2 Rxd1 22. Rxd1 Rxd1+ 23. Qxd1 b5 24. Qc2 Qd6 25. g3 Qd5 26. Qd2 Kf8 27. Qxd5 Nxd5 28. Kf1 Nc3 29. Ne5 Ke7 30. Ke1 Ke6 31. Nd3 Kd6 32. Nb2 Kd5 33. f3 g5 34. g4 c4 35. bxc4+ bxc4 36. a4 Kc5 37. Kd2 Kb4 38. a5 Kb3 39. Kc1 Na2+ 0-1

[Event "Tehran zt 3.1a"]
[Site "Tehran"]
[Date "2001.04.08"]
[Round "7"]
[White "Al Bahadly, Amjad Ali Mohammed"]
[Black "Al Modiahki, Mohamad"]
[Result "0-1"]
[WhiteElo "2360"]
[BlackElo "2490"]
[PlyCount "58"]
[EventDate "2001.04.05"]
[EventType "tourn"]
[EventRounds "9"]
[EventCountry "IRI"]
[EventCategory "4"]
[SourceTitle "CBM 081 Extra"]
[Source "ChessBase"]
[SourceDate "2001.05.06"]
[SourceVersion "1"]
[SourceVersionDate "2001.05.06"]
[SourceQuality "1"]

1. d4 Nf6 2. g3 g6 3. Bg2 Bg7 4. e4 d6 5. Nc3 0-0 6. Nge2 e5 7. h3 Nc6 8. dxe5 dxe5 9. Qxd8 Rxd8 10. Bg5 Nb4 11. Rc1 h6 12. Be3 b6 13. a3 Nc6 14. f4 Bb7 15. Kf2 Re8 16. Rcd1 Na5 17. fxe5 Nh7 18. Nd5 Rac8 19. b3 h5 20. Nec3 Bxe5 21. Bd4 Nc6 22. Bxe5 Nxe5 23. Rhe1 c6 24. Ne3 Rc7 25. Rd6 Kg7 26. Red1 Bc8 27. Kg1 Ng5 28. h4 Nh7 29. a4 Be6 0-1

[Event "Asia Cities-ch 12th"]
[Site "Beirut"]
[Date "2000.03.23"]
[Round "6"]
[White "Ganbold, Odondoo"]
[Black "Al Bahadly, Amjad Ali Mohammed"]
[Result "1-0"]
[WhiteElo "2332"]
[BlackElo "2273"]
[PlyCount "97"]
[EventDate "2000.03.19"]
[EventType "team-swiss"]
[EventRounds "9"]
[EventCountry "LBN"]
[SourceTitle "EXT 2020"]
[Source "ChessBase"]
[SourceDate "2019.10.17"]
[SourceVersion "1"]
[SourceVersionDate "2019.10.17"]
[SourceQuality "1"]
[WhiteTeam "Ulaanbaatar"]
[BlackTeam "Baghdad"]
[WhiteTeamCountry "MGL"]
[BlackTeamCountry "IRQ"]

1. e4 g6 2. d4 Bg7 3. Nc3 c6 4. Be3 d6 5. Qd2 Nd7 6. f3 Qa5 7. Nge2 b5 8. g4 h5 9. gxh5 Rxh5 10. Nf4 Rh8 11. a3 a6 12. 0-0-0 Bb7 13. h4 Ngf6 14. Qg2 Bh6 15. Bd2 Qc7 16. Kb1 0-0-0 17. Qf2 Kb8 18. Nh3 Bxd2 19. Rxd2 e6 20. Ng5 Nb6 21. e5 Nh7 22. Nce4 Nxg5 23. Nxg5 dxe5 24. dxe5 c5 25. Bd3 Rd5 26. Be4 Rxe5 27. Rhd1 Bd5 28. Re2 Bc4 29. Ree1 f5 30. b3 fxe4 31. fxe4 Qg7 32. Qg3 Kb7 33. Nf7 Reh5 34. Nxh8 Rxh8 35. bxc4 Nxc4 36. e5 Rh5 37. Qf3+ Kb6 38. Qf6 Qg8 39. Rd8 Qh7 40. Qxe6+ Ka5 41. Rd7 Qh8 42. Ra7 Nb6 43. Qd6 Qc8 44. Qd2+ Ka4 45. Qd6 Ka5 46. Rc7 Qg4 47. Qxc5 Rxh4 48. Rc6 Na4 49. Qd6 1-0

[Event "Asia Cities-ch 12th"]
[Site "Beirut"]
[Date "2000.03.23"]
[Round "7"]
[White "Vladimirov, Yevgeniy"]
[Black "Al Bahadly, Amjad Ali Mohammed"]
[Result "1-0"]
[WhiteElo "2586"]
[BlackElo "2273"]
[PlyCount "63"]
[EventDate "2000.03.19"]
[EventType "team-swiss"]
[EventRounds "9"]
[EventCountry "LBN"]
[SourceTitle "EXT 2020"]
[Source "ChessBase"]
[SourceDate "2019.10.17"]
[SourceVersion "1"]
[SourceVersionDate "2019.10.17"]
[SourceQuality "1"]
[WhiteTeam "Pavlodar"]
[BlackTeam "Baghdad"]
[WhiteTeamCountry "KAZ"]
[BlackTeamCountry "IRQ"]

1. d4 e6 2. c4 b6 3. e4 Bb7 4. Nc3 Bb4 5. f3 Qh4+ 6. g3 Qh5 7. Bd2 f5 8. Nb5 Bxd2+ 9. Qxd2 Na6 10. e5 Qh6 11. 0-0-0 Qxd2+ 12. Rxd2 Nh6 13. Bg2 Nf7 14. f4 Bxg2 15. Rxg2 c6 16. Nc3 0-0-0 17. Nf3 Nc7 18. b3 Kb7 19. g4 fxg4 20. Rxg4 Rdg8 21. Rhg1 g6 22. Ne4 Ne8 23. Rh4 Rg7 24. Kd2 Kc8 25. Kd3 Kd8 26. Rh3 Ke7 27. Rg4 d5 28. exd6+ Nexd6 29. Neg5 Nxg5 30. fxg5 Nf5 31. Ne5 Nd6 32. Re4 1-0

[Event "Asia Cities-ch 12th"]
[Site "Beirut"]
[Date "2000.03.20"]
[Round "3"]
[White "Al Bahadly, Amjad Ali Mohammed"]
[Black "Kakageldyev, Amanmurad"]
[Result "0-1"]
[WhiteElo "2273"]
[BlackElo "2491"]
[PlyCount "138"]
[EventDate "2000.03.19"]
[EventType "team-swiss"]
[EventRounds "9"]
[EventCountry "LBN"]
[SourceTitle "EXT 2020"]
[Source "ChessBase"]
[SourceDate "2019.10.17"]
[SourceVersion "1"]
[SourceVersionDate "2019.10.17"]
[SourceQuality "1"]
[WhiteTeam "Baghdad"]
[BlackTeam "Askhabat"]
[WhiteTeamCountry "IRQ"]
[BlackTeamCountry "TKM"]

1. Nf3 g6 2. d4 Bg7 3. c4 d6 4. Nc3 Bg4 5. e3 c5 6. Be2 Nc6 7. d5 Na5 8. Bd2 Nf6 9. 0-0 0-0 10. b3 a6 11. h3 Bxf3 12. Bxf3 Rb8 13. a4 e5 14. e4 Ne8 15. g4 Bf6 16. Ne2 Bg5 17. Bc3 b6 18. Bg2 Rb7 19. Qc2 Re7 20. f4 exf4 21. Nxf4 Bf6 22. Nd3 Bxc3 23. Qxc3 f6 24. g5 Ref7 25. Nf2 fxg5 26. Ng4 Rxf1+ 27. Rxf1 Rxf1+ 28. Bxf1 h5 29. Nh6+ Kh7 30. Nf7 Qf6 31. Qxf6 Nxf6 32. Nxd6 Nd7 33. Nf7 Kg7 34. Nxg5 Kf6 35. h4 Nxb3 36. Bh3 Ne5 37. d6 Nd2 38. Nh7+ Kf7 39. Ng5+ Ke8 40. Ne6 Ndxc4 41. Nc7+ Kd8 42. Ne6+ Kd7 43. Nxc5+ Kxd6 44. Nxa6 Nb2 45. Kf2 Nxa4 46. Ke3 Nc6 47. Kf4 Nc5 48. Nxc5 bxc5 49. Bf1 Ne5 50. Kg5 Ke6 51. Kf4 Kf6 52. Bb5 c4 53. Ba4 Nd3+ 54. Ke3 Nc5 55. Bb5 c3 56. Be8 c2 57. Kd2 Nxe4+ 58. Kxc2 Nd6 59. Bd7 Nf5 60. Kd3 Nxh4 61. Ke3 g5 62. Ke4 Ng6 63. Bc8 g4 64. Ke3 Kg5 65. Kf2 Kf4 66. Bb7 h4 67. Kg2 Ne5 68. Kh2 Nf3+ 69. Kg2 h3+ 0-1